Principal component analysis

Αποθηκεύτηκε σε:
Λεπτομέρειες βιβλιογραφικής εγγραφής
Κύριος συγγραφέας: Jolliffe, I. T.
Μορφή: Βιβλίο
Γλώσσα:English
Δημοσίευση: New York, NY : Springer, c2002
Έκδοση:2nd ed.
Σειρά:Springer series in statistics
Θέματα:
Ετικέτες: Προσθήκη ετικέτας
Δεν υπάρχουν, Καταχωρήστε ετικέτα πρώτοι!

MARC

LEADER 00000nam a2200000 i 4500
001 1/70348
008 050125s2002 eng d
020 |a 0-387-95442-2 (hbk.) 
035 |l 10076199 
040 |a GR-MY-UA  |b gre  |e aacr 
041 0 |a eng 
082 0 |a 519.535  |2 (21) 
100 1 |a Jolliffe, I. T. 
245 1 0 |a Principal component analysis /  |c I. T. Jolliffe 
250 |a 2nd ed. 
260 |a New York, NY :   |b Springer,   |c c2002 
300 |a xxix, 487 σ.;  |b εικ.;  |c 23 εκ. 
490 1 |a Springer series in statistics 
500 |a With 28 illustrations 
504 |a Περιέχει βιβλιογραφικές παραπομπές (σ. [415]-457) και ευρετήριο 
650 0 0 |a Principal components analysis. 
830 0 |a Springer series in statistics 
852 |a INST  |b CHIOS  |e 20050125  |h 519.535 JOL  |p 005200022580  |q 005200022580  |t BK  |y 0 
852 |a INST  |b CHIOS  |e 20070809  |h 519.535 JOL  |p 005200025798  |q 005200025798  |t BK  |y 0 
852 |a INST  |b LESVOS  |e 20070719  |h 519.535 JOL  |p 005100041427  |q 005100041427  |t BK  |y 0 
901 |a BIBL2-2005-1 
901 |a BIBL1-2007-2 
909 |a Χ  |b 112366 
909 |a Λ  |b 135908 
909 |a Χ  |b 136950 
920 |a ΔΙΕΥΡΥΝΣΗ  |b ΕΠΕΑΕΚ/ΤΜΟΔ  |y ΧΙΟΣ  |z 2004-12 
922 |a 2ΕΛΗ  |b 200707  |c ΕΠΕΑΕΚ2/ΤΜΟΔ  |d ΠΑΠΑΣΩΤΗΡΙΟΥ 
922 |a 1ΕΛΗ  |b 200706  |c ΕΠΕΑΕΚ2/ΤΓ  |d ΕΛΕΥΘΕΡΟΥΔΑΚΗΣ 
970 |a ΣΑΛΑΜΟΥΡΑ  |b ΜΑΡΙΑ  |z 2005/01/25